Sportifs français par images - Statistiques

Statistiques générales
  • Ce quiz a été pris 90 fois
  • Le résultat moyen est 21 sur 44
Statistiques - réponses
Par images Hint Réponse % Correct
1960 Yannick Noah
95%
1977 Sébastien Chabal
88%
1989 Teddy Riner
86%
1982 Tony Parker
86%
1996 Antoine Dupont
85%
2003 Alexis Lebrun
82%
2002 Léon Marchand
79%
1984 Nikola Karabatic
79%
2004 Victor Wembanyama
76%
1985 Jo-Wilfried Tsonga
73%
1988 Martin Fourcade
71%
1986 Renaud Lavillenie
71%
1974 Sébastien Loeb
69%
1995 Benoit Saint Denis
63%
1990 Christophe Lemaitre
56%
1978 Tony Estanguet
56%
1991 Earvin Ngapeth
55%
1999 Fabio Quartararo
54%
1992 Julian Alaphilippe
54%
1976 Thierry Omeyer
49%
1983 Alain Bernard
47%
1970 Emile Ntamack
47%
1993 Maxime Lucu
47%
1963 Henri Leconte
38%
1964 Jean Alesi
38%
1968 Laurent Jalabert
37%
1981 Thierry Dusautoir
36%
1994 Guillaume Cizeron
35%
1987 Nando de Colo
32%
1972 Jérôme Le Banner
31%
1969 Stéphane Diagana
29%
1973 Fabien Pelous
28%
2001 Kévin Vauquelin
24%
1979 Brahim Asloum
23%
1997 Clément Noël
23%
1971 Jean Galfione
22%
1967 Philippe Saint-André
21%
1966 Olivier Panis
18%
1980 Julien Absalon
17%
1962 Alain Robert
15%
1975 Jean-Charles Skarbowsky
12%
1965 Michel Desjoyeaux
10%
2000 Yohann Ndoye-Brouard
5%
1998 Aurélien Giraud
4%
Aucun quiz correspondant
Distribution des résultats
% des personnes avec chaque résultat
Percentile par nombre de réponses
Votre historique - résultats
Vous n’avez pas pris ce quiz